| 000 | 00526nam a2200205Ia 4500 | ||
|---|---|---|---|
| 008 | 170918s9999 xx 000 0 und d | ||
| 020 | _a9780545239783 | ||
| 050 | _bG762 2008 | ||
| 100 | _aGrant, Judyann Ackerwan | ||
| 245 | _aChicken said, "cluck!" / | ||
| 245 | _cJudyann Ackerman Grant ; pictures by Sue Truesdell. | ||
| 260 | _aNew York : | ||
| 260 | _bScholastic, | ||
| 260 | _c2008 | ||
| 300 | _a32 pages : | ||
| 300 | _bcolored illustration ; | ||
| 300 | _c23cm. | ||
| 440 | _aI can read! | ||
| 500 | _aBR | ||
| 999 |
_c340965 _d340965 |
||